Leyes iconográficas de la línea y de la luz : (graphis) / Félix Cardellach (graphis) / Félix Cardellach
Descripción Física:
303 p. : il. ; 25 cm
Materias:
Perspectiva
MARC
| LEADER | 00000nam a2200000Ia 4500 | ||
|---|---|---|---|
| 001 | 18730 | ||
| 008 | 160829s1913 xx 000 0 cat d | ||
| 080 | |a B-2-125 | ||
| 100 | |a Cardellach, Félix |9 38382 | ||
| 245 | |a Leyes iconográficas de la línea y de la luz : |b (graphis) / Félix Cardellach | ||
| 260 | |a Barcelona : |b Librería Agustín Bosch, |c 1913 | ||
| 300 | |a 303 p. : |b il. ; |c 25 cm | ||
| 590 | |a Prové de 3268 | ||
| 650 | |a Perspectiva |9 38387 | ||
| 901 | |a Arxiu | ||
| 942 | |n 1 | ||
| 952 | |0 0 |1 0 |4 0 |6 B2125 |7 1 |9 48396 |a Arxiu |b Arxiu |d 2016-12-01 |l 0 |o B-2-125 |p 18730 |r 2016-12-01 00:00:00 |w 2016-12-01 |y ARXIU | ||
| 999 | |c 52224 |d 52224 | ||